| 000 | 00620nam a2200193Ia 4500 | ||
|---|---|---|---|
| 005 | 20250326143623.0 | ||
| 008 | 250326s9999 xx 000 0 und d | ||
| 020 | _a0-8144-0808-7 | ||
| 037 | _aTextbook | ||
| 040 |
_aFMSL _beng _cFMSL |
||
| 041 |
_aeng _2eng |
||
| 084 |
_aX:8 P4 _qFMSL |
||
| 100 |
_aLiff Stewrat _9748286 |
||
| 245 | 0 |
_aSeeing is believing : how the new art of visual management can boost performance throughtout your organization _cLiff Stewrat; Posey Pamela A |
|
| 260 |
_aNew York _bNew York, AMACOM _c2004 |
||
| 300 | _aviii,246 | ||
| 942 |
_cTB _hX:8 P4 |
||
| 999 |
_c1300305 _d1300305 |
||